A study of teachers' belief and use of recast feedback on learner oral error in the english as a foreign languages classroom (Luận văn thạc sĩ. Ngành lí luận và phương pháp dạy học bộ môn Tiếng Anh)

保存先:
書誌詳細
第一著者: Nguyễn, Hà Hồng Yến
フォーマット: 図書
言語:Undetermined
出版事項: Cần Thơ Đại học Cần Thơ 2014
主題:
タグ: タグ追加
タグなし, このレコードへの初めてのタグを付けませんか!
Thư viện lưu trữ: Trung tâm Học liệu Trường Đại học Cần Thơ
LEADER 00885nam a2200205Ia 4500
001 CTU_197799
008 210402s9999 xx 000 0 und d
082 |a 428.24071 
082 |b Y603 
088 |a 60140111 
100 |a Nguyễn, Hà Hồng Yến 
245 2 |a A study of teachers' belief and use of recast feedback on learner oral error in the english as a foreign languages classroom 
245 0 |b (Luận văn thạc sĩ. Ngành lí luận và phương pháp dạy học bộ môn Tiếng Anh) 
245 0 |c Nguyễn Hà Hồng Yến; Nguyễn Văn Lợi (người hướng dẫn) 
260 |a Cần Thơ 
260 |b Đại học Cần Thơ 
260 |c 2014 
650 |a Ngôn ngữ Anh,English language 
650 |x Học và dạy,Study and teaching 
980 |a Trung tâm Học liệu Trường Đại học Cần Thơ